00513nam a22001577a 450000500170000001000150001702000270003203500140005903700130007308200140008624501000010025000110020026000300021127000830024130000310032420161124120802.0 aENG-116631 a9789350358023c1795.00 aEN-100163 bDBAD/PUB a346.54066 aCorporate law referencer :cby Shridhant Joshibfy 2016-17 [update up to 15th september,2016] / a2nd ed aGurgaonbLexisNexisc2016 a14th Floor, Building No.10, Tower-B, DLF Cyber City, Phase-IIbGurgaone122002 aVarious Pagingsc24cm(pbk)